| 000 | 00522cam a2200181Ia 4500 | ||
|---|---|---|---|
| 020 | _a192120608X | ||
| 040 | _cAGL | ||
| 082 | _a338 TEM 2006 A068 Co. | ||
| 100 | 1 | _aFredenburg, Peter | |
| 245 | 1 | 0 | _aSharing rice for peace and prosperity in the Greater Mekong subregion / |
| 260 |
_aHartwell, Vic. : _bTemple House Pty Ltd., _c2006 |
||
| 300 |
_avi, 243 p., [28] p. of plates : _bill. (some color), map, ports. ; _c21 cm |
||
| 650 | 0 | _aRice | |
| 650 | 0 | _aRice | |
| 650 | 0 | _aRice | |
| 700 | 1 | _aHill, Bob | |
| 942 | _cEK | ||
| 999 |
_c14862 _d14862 |
||